| Tag |
First Indicator |
Second Indicator |
Subfields |
| LEADER |
00000cam a22000004a 4500 |
| 001 |
in00002000215 |
| 005 |
20151031123002.0 |
| 008 |
020718s2002 ii a b 001 0beng c |
| 020 |
|
|
|a 8175362944 (set)
|
| 020 |
|
|
|a 8175362952 (v. 1-2)
|
| 020 |
|
|
|a 8175362960 (v. 3)
|
| 035 |
|
|
|a (OCoLC)ocm57569957
|
| 040 |
|
|
|a TXA
|c TXA
|d UtOrBLW
|
| 041 |
1 |
|
|a eng
|h per
|
| 042 |
|
|
|a pcc
|
| 043 |
|
|
|a a-ii---
|
| 049 |
|
|
|a TXAM
|
| 050 |
|
4 |
|a DS461.3
|b .A2313 2002
|
| 100 |
0 |
|
|a Abū al-Faz̤l ibn Mubārak,
|d 1551-1602.
|
| 240 |
1 |
0 |
|a Akbārnāmah.
|l English
|
| 245 |
1 |
4 |
|a The Akbar nama of Abu-l-Fazl /
|c tras. from the Persian by H. Beveridge.
|
| 264 |
|
1 |
|a Delhi :
|b Low Price Publications,
|c [2002]
|
| 300 |
|
|
|a 3 volumes in 2 :
|b illustrations ;
|c 23 cm.
|
| 336 |
|
|
|a text
|b txt
|2 rdacontent
|
| 337 |
|
|
|a unmediated
|b n
|2 rdamedia
|
| 338 |
|
|
|a volume
|b nc
|2 rdacarrier
|
| 490 |
0 |
|
|a LPP ;
|v 6-7
|
| 500 |
|
|
|a "Complete and unabridged"--Cover.
|
| 500 |
|
|
|a Originally published: Calcutta : Royal Asiatic Society of Bengal, 1902-1939.
|
| 504 |
|
|
|a Includes bibliographical references and indexes.
|
| 600 |
0 |
0 |
|a Akbar,
|c Emperor of Hindustan,
|d 1542-1605.
|
| 651 |
|
0 |
|a Mogul Empire
|x Kings and rulers
|v Biography.
|
| 651 |
|
0 |
|a Mogul Empire
|x History.
|
| 700 |
1 |
|
|a Beveridge, Henry,
|d 1837-1929.
|
| 948 |
|
|
|a cataloged
|b h
|c 2005/2/17
|d c
|e mphillip
|f 10:24:24 am
|
| 994 |
|
|
|a E0
|b TXA
|
| 999 |
|
|
|a MARS
|
| 999 |
f |
f |
|s 275443cd-ca63-35f8-82c9-478601d0fe12
|i 65439c50-0ce3-37a4-98c4-febf5c66d1be
|t 0
|
| 952 |
f |
f |
|p normal
|a Texas A&M University
|b College Station
|c Sterling C. Evans Library
|d Evans: Library Stacks
|t 0
|e DS461.3 .A2313 2002
|h Library of Congress classification
|i unmediated -- volume
|k v.3
|m A14832500148
|
| 952 |
f |
f |
|p normal
|a Texas A&M University
|b College Station
|c Sterling C. Evans Library
|d Evans: Library Stacks
|t 0
|e DS461.3 .A2313 2002
|h Library of Congress classification
|i unmediated -- volume
|k v.1-2
|m A14832499842
|
| 998 |
f |
f |
|a DS461.3 .A2313 2002
|s v.1-3
|t 0
|l Evans: Library Stacks
|